LEADER 01095nam2-2200361---450- 001 990003271450203316 005 20090615124659.0 035 $a000327145 035 $aUSA01000327145 035 $a(ALEPH)000327145USA01 035 $a000327145 100 $a20090615d1969----km-y0itay50------ba 101 $aeng 102 $aUS 105 $a||||||||001yy 200 1 $aType II superconductivity$fD. Saint-James, G. Sarma, E.J. Thomas 210 $aOxford$cPergamon Press$d1969 215 $aX, 294 p.$cill.$d24 cm 225 2 $aInternational series in natural philosophy$v17 410 0$1001000327092$12001$aInternational series in natural philosophy$v17 606 0 $asuperconduttivitą 676 $a537.623 700 1$aSAINT-JAMES,$bD.$0464411 701 1$aTHOMAS,$bE.J.$0604868 701 1$aSARMA,$bG.$050344 801 0$aIT$bsalbc$gISBD 912 $a990003271450203316 951 $a530 INP (17)$b7848/CBS$c530$d00223061 959 $aBK 969 $aSCI 979 $aRSIAV7$b90$c20090615$lUSA01$h1246 996 $aType II superconductivity$91118391 997 $aUNISA